The hound of the baskervilles / (Record no. 44491)

MARC details
000 -LEADER
fixed length control field 00882nam a22002297a 4500
005 - DATE AND TIME OF LATEST TRANSACTION
control field 20100908141144.0
008 - FIXED-LENGTH DATA ELEMENTS--GENERAL INFORMATION
fixed length control field 100908t xxu||||| |||| 00| 0 eng d
010 ## - LCCN (DPL NO)
LC control number B-420991
020 ## - INTERNATIONAL STANDARD BOOK NUMBER
International Standard Book Number 9788124112465
Terms of availability 40.00
035 ## - SYSTEM CONTROL NUMBER
System control number B-420991
037 ## - SOURCE OF ACQUISITION
Source of stock number/acquisition DBAD/Gift
040 ## - CATALOGING SOURCE
Original cataloging agency dpl
Language of cataloging English
082 ## - DEWEY DECIMAL CLASSIFICATION NUMBER
Classification number S
100 ## - MAIN ENTRY--PERSONAL NAME
Personal name Doyle, Arthur Conan
9 (RLIN) 18932
245 ## - TITLE STATEMENT
Title The hound of the baskervilles /
Statement of responsibility, etc by Arthur Conan Doyle
260 ## - PUBLICATION, DISTRIBUTION, ETC. (IMPRINT)
Place of publication, distribution, etc New Delhi
Name of publisher, distributor, etc Har-Anand Publications
Date of publication, distribution, etc 200?
300 ## - PHYSICAL DESCRIPTION
Extent 86p.:
Other physical details ill.
Dimensions 21cm. (pbk)
490 ## - SERIES STATEMENT
Series statement Treasure of classics
-- 18939
942 ## - ADDED ENTRY ELEMENTS (KOHA)
Source of classification or shelving scheme Dewey Decimal Classification
Item type Children Books
Call number suffix DOY
Classification part S
Holdings
Withdrawn status Lost status Source of classification or shelving scheme Damaged status Not for loan Collection code Home library Current library Date acquired Source of acquisition Cost, normal purchase price Total Checkouts Total Renewals Full call number Barcode Date last seen Copy number Cost, replacement price Koha item type
  Written-off vide DLB M. No. 383 dt 16.05.19 Dewey Decimal Classification     Fiction Jagrati Enclave Jagrati Enclave 08/09/2010 DBAD/Gift 40.00 4 3 S DOY B-420991 24/10/2017 1 40.00 Children Books

© Delhi Public Library
Hit Counter
free hit counter